|
|
|
|
| LEADER |
00000nam a2200000 a 4500 |
| 001 |
vtls001344483 |
| 003 |
SK-MaSNL |
| 005 |
20260301160518.0 |
| 008 |
251124s1996 DE e y 0 ger |
| 020 |
|
|
|a 3061004793
|c [315,00]
|
| 035 |
|
|
|a SNK000297677
|
| 040 |
|
|
|a SNK
|b slo
|c SNK
|e AACR2
|
| 044 |
|
|
|a DE
|
| 080 |
|
|
|a 803.0-1(038)
|2 1981
|
| 100 |
1 |
|
|a Richter, Helga
|4 aut
|9 522176
|
| 245 |
1 |
|
|a Deutsche Rechtschreibung
|c [Autoren: Otto Bauerfeind... [et al.] ; Es wurde bearbeitet von Helga Richter]
|
| 250 |
|
|
|a Völl. neu bearb. und erw. Aufl.
|
| 260 |
|
|
|a Berlin
|b Volk und Wissen
|c c1996
|
| 300 |
|
|
|a 248 s.
|c 19 cm
|
| 650 |
0 |
7 |
|a nemčina
|x pravopis
|x slovníky
|2 SNK
|9 288067
|
| 650 |
0 |
7 |
|a pravopis
|2 SNK
|9 868
|
| 650 |
0 |
7 |
|a slovníky pravopisné nemecké
|2 SNK
|9 288068
|
| 700 |
1 |
|
|a Bauerfeind, Otto
|4 aut
|9 522177
|
| 919 |
|
|
|a 3-06-100479-3
|
| 999 |
|
|
|c 805813
|d 807743
|
| 952 |
|
|
|t P60, <04>, [BOOK], {604}
|a SNK
|b SNK
|y VYP
|7 0
|p 17A0161393
|o snkID 96387
|i snkV 1274/98
|0 0
|1 0
|4 0
|d 1998-10-13
|l 0
|r 2005-01-02 00:00:00
|w 2026-02-24
|